000 01458cas a2200301 a 4500
001 000037060
005 20260430123329.0
008 980720c20029999dr mr pdd 0 z0spa d
040 _aDO-SdBNP
_bspa
_cBNPHU
043 _anwdr
130 0 _aHorizontes
_963463
245 0 0 _aHorizontes.
260 _aSanto Domingo :
_bVisión Mundial República Dominicana,
_c2002-.
300 _av. - :
_bil. ;
_c28 cm.
310 _aMensual
362 1 _aInicia con: Año 1. No.1 (2002).
500 _aDescripción basada en: Año 1. No. 1 (2002).
650 2 4 _aDesarrollo económico comunitario
_zRepública Dominicana
_vPUBLICACIONES PERIÓDICAS
_963464
650 2 4 _aSostenibilidad comunitaria
_zRepública Dominicana
_vPUBLICACIONES PERIÓDICAS
_963465
650 2 4 _aEmpoderamiento social
_zRepública Dominicana
_vPUBLICACIONES PERIÓDICAS
_963466
650 2 4 _aComunidades pobres
_zRepública Dominicana
_vPUBLICACIONES PERIÓDICAS
_963467
650 2 4 _aSalud comunitaria
_zRepública Dominicana
_vPUBLICACIONES PERIÓDICAS
_963468
650 2 0 _aEducación
_zRepública Dominicana
_vPublicaciones periódicas
_934285
650 2 4 _aSaneamiento ambiental comunitario
_zRepública Dominicana
_vPUBLICACIONES PERIÓDICAS
_963469
650 2 4 _aAtención a niños, niñas y adolescentes
_zRepública Dominicana
_vPUBLICACIONES PERIÓDICAS
_963470
651 0 _aRepública Dominicana
_xPublicaciones Periódicas
_933494
710 2 _aVisión Mundial República Dominicana
_963471
999 _c36550
_d36550